000 00443 a2200169 4500
001 141550
040 _cLeonardo Da Vinci
041 _aPortuguês
082 _a591 M917a
_bM917a
100 _aMUEDRA, V
245 _aAtlas de anatomia animal
260 _bLivro Ibero-Americano
_c1967
_aRio de Janeiro
362 _a19670000
500 _aEnmanuel Alves (Tradução)
697 _aZoologia
_aAnimais
_aAtlas
_aAnatomia animal
942 _cBK
999 _c141550
_d141550